000 00392nam a22001457a 4500
082 _a531
_bMED
_cL-39, 56, p. :
100 _aMedley, D.G
_940062
245 _aMechanics and Modelling
_cG.G Medley
250 _a1st
260 _aCataloguing
_bMedley D.G
_c1982
300 _avii, 339, p. :
_bill,
_c29cm
526 _a0
_b0
_c0
_d531_000000000000000_MED
650 _aMCE
_9379
942 _2ddc
_cBK
999 _c544435
_d544435